Normal view
MARC view
- Hasnain, Afira (TCC-21)
Entry Personal Name
001 - CONTROL NUMBER
- control field: 132120
003 - CONTROL NUMBER IDENTIFIER
- control field: NUST
005 - DATE AND TIME OF LATEST TRANSACTION
- control field: 20251125182131.0
008 - FIXED-LENGTH DATA ELEMENTS
- fixed length control field: 251125|| aca||aabn | a|a d
040 ## - CATALOGING SOURCE
- Original cataloging agency: NUST
- Transcribing agency: NUST
100 ## - HEADING--PERSONAL NAME
- Personal name: Hasnain, Afira (TCC-21)
670 ## - SOURCE DATA FOUND
- Source citation: Work cat.: (NUST)210851: Hasnain, Afira (TCC-21), Navigation system for emergency responders /, June-2013
